Lan management with snmp and rmon / (Record no. 345842)
[ view plain ]
| 000 -LEADER | |
|---|---|
| fixed length control field | 01807 a2200193 4500 |
| 020 ## - INTERNATIONAL STANDARD BOOK NUMBER | |
| International Standard Book Number | 0471147362 |
| 020 ## - INTERNATIONAL STANDARD BOOK NUMBER | |
| International Standard Book Number | 9780471147367 |
| 082 04 - DEWEY DECIMAL CLASSIFICATION NUMBER | |
| Classification number | 004.68 |
| 090 ## - LOCALLY ASSIGNED LC-TYPE CALL NUMBER (OCLC); LOCAL CALL NUMBER (RLIN) | |
| -- | 3360 |
| -- | 3360 |
| 100 1# - MAIN ENTRY--PERSONAL NAME | |
| Personal name | Held, Gilbert. |
| 245 10 - TITLE STATEMENT | |
| Title | Lan management with snmp and rmon / |
| Statement of responsibility, etc. | Gilbert Held. |
| 260 ## - PUBLICATION, DISTRIBUTION, ETC. | |
| Place of publication, distribution, etc. | [S.l.] : |
| Name of publisher, distributor, etc. | John Wiley & Sons, |
| Date of publication, distribution, etc. | 1996. |
| 300 ## - PHYSICAL DESCRIPTION | |
| Extent | 371 p. ; |
| Dimensions | 24 cm. |
| 500 ## - GENERAL NOTE | |
| General note | Paperback. |
| 520 ## - SUMMARY, ETC. | |
| Summary, etc. | Learn how to connect your remote and mobile users with SNMP and RMON LAN Management with SNMP and RMON trains network administrators and managers in everything they need to know to make optimal use of these powerful network protocols and standards. Bestselling author Gil Held offers a detailed practical introduction to Simple Network Management Protocol (SNMP), in which he describes various techniques for using SNMP. He then explains what Remote Network Monitoring (RMON) is, how it works, and how to successfully integrate it with SNMP to make your systems compliant for remote and mobile network users. He also uses a wide range of commercial software products from NetManage, LogTel Computer Communications, and Triticom to illustrate the key concepts throughout this book. LAN Management with SNMP and RMON covers SNMP, the construction of the Management Information Base (MIB), and the use of RMON probes How SNMP can be used to manage diverse products such as bridges, frame relay transmission, and even a UPS RMON limitations Integrating SNMP and RMON over LANs and WANs LAN Management with SNMP and RMON is required reading for all LAN administrators, planners, and managers. |
| 856 40 - ELECTRONIC LOCATION AND ACCESS | |
| Materials specified | Amazon.com |
| Uniform Resource Identifier | <a href="http://www.amazon.com/exec/obidos/ASIN/0471147362/chopaconline-20">http://www.amazon.com/exec/obidos/ASIN/0471147362/chopaconline-20</a> |
| 856 40 - ELECTRONIC LOCATION AND ACCESS | |
| Materials specified | Amazon customer reviews |
| Uniform Resource Identifier | <a href="http://www.chopac.org/cgi-bin/tools/azrev.pl?q=0471147362">http://www.chopac.org/cgi-bin/tools/azrev.pl?q=0471147362</a> |
| 942 ## - ADDED ENTRY ELEMENTS (KOHA) | |
| Institution code [OBSOLETE] | NBS |
| Koha item type | Book |
| Call number prefix | 004.68 HEL |
| Withdrawn status | Lost status | Damaged status | Not for loan | Permanent Location | Current Location | Shelving location | Date acquired | Total Checkouts | Full call number | Barcode | Date last seen | Date last checked out | Price effective from | Koha item type |
|---|---|---|---|---|---|---|---|---|---|---|---|---|---|---|
| Central Library (CL) | Central Library (CL) | First Floor - Data Communication/Network/Architecture | 08/28/2013 | 1 | 004.68 HEL | NBS4560 | 11/22/2017 | 07/18/2017 | 08/28/2013 | Book |
